Pick-A-Pun Quiz Stats

 Plays Quiz Updated Oct 11, 2018

Challenge
Share
Tweet
Embed
Score 0/15 Timer 04:00
0 Plays Today
% Correct
He couldn't raise enough dough
90.2%
I didn't do it on porpoise
87.2%
He wanted to have bear feet
87.1%
A buck an ear
86.2%
Because it's a little meteor
86%
Put it on my bill
85.1%
The sailors were marooned
84.2%
He couldn't part with it
82.7%
% Correct
She couldn't control her pupils
82.4%
It couldn't find the right spot
81.9%
When it's a jar
81.4%
There isn't a single person in it
77%
It's two tired
76.5%
When it's turned in to the teacher
73.4%
'ell if I know
68.5%

You're not logged in!

Compare scores with friends on all Sporcle quizzes.
Join for Free
OR
Log In

You Might Also Like...

Show Comments

Extras

Top Quizzes Today


Score Distribution

Your Account Isn't Verified!

In order to create a playlist on Sporcle, you need to verify the email address you used during registration. Go to your Sporcle Settings to finish the process.

Report this User

Report this user for behavior that violates our Community Guidelines.

Details: